00662nam a22001937a 450000500170000002000180001710000310003524500240006626000400009030000100013049000360014050000430017665000230021965000190024265000200026194200120028199900190029395201560031220260702152802.0 a9789349750258 aBarvinok, Alexander917211 aCourse in convexity aTelanganabUniversities pressc2026 ax+366 aGraduate studies in mathematics aGraduate studies in mathematics vol 54 aLinear Programming aTopology91200 aPolytope917394 2ddccBK c761170d761170 00102ddc40708GIFaMATbMATcGENd2026-05-14e032/NBHM 0038 (Gift from NBHM)g1695.00l0o516.08 BAR-CpMATG285r2026-07-02 15:03:11w2026-07-02yBK